000 00510nam a2200133 a 4500
008 120416s1969 ||||||||||||||||| || u
050 _aTA 642 Jen
100 _aJenkins, William McLaren
245 1 0 _aMatrix and digital computer methods in structural analysis
260 _aNew York
_bMcGraw-Hill
_c1969
300 _axiii, 209p. : ill
350 _a0.00
995 _D0.00
_FCBU-MAIN LIBRARY (Kitwe)
_H1
_I3.90
_M1
_UAVAILABLE
_ZAnnex Low-Usage Collection
999 _c50758
_d50758